Wyspy Owcze - Statystyki

Ogólne statystyki
  • Ten quiz został rozwiązany 17 razy
  • Średni wynik to 13 z 24
Odpowiedzi na mapie
Odpowiedzi zakodowano w zielono-czerwonej skali na mapie do tego quizu, zgodnie z poniższymi procentami.
 
Statystyki odpowiedzi
Wielkość w ha Wyspy % Poprawnych
17760 Vágar
87%
37350 Streymoy
80%
28630 Eysturoy
73%
16600 Suðuroy
73%
1100 Fugloy
67%
80 Lítla Dímun
67%
1030 Mykines
67%
11210 Sandoy
67%
1000 Skúvoy
67%
270 Stóra Dímun
67%
2740 Svínoy
67%
9500 Borðoy
60%
610 Hestur
60%
3090 Kalsoy
60%
250 Koltur
60%
1030 Nólsoy
60%
3550 Kunoy
53%
65 Tindhólmur
47%
4100 Viðoy
47%
10 Gáshólmur
27%
45 Mykineshólmur
20%
7 Sumbiarhólmur
13%
19 Trøllhøvdi
13%
7,5 Tjaldavíkshólmur
7%
Nie znaleziono quizów pasujących do podanych kryteriów
Rozkład punktacji
Procent ludzi z każdym wynikiem
Percentyl według liczby udzielonych odpowiedzi
Twoja historia wyników
Nie rozwiązałeś tego quizu